00783nam a22002177a 4500999001900000005001700019010002700036020002600063035001400089035001400103037001300117082000600130100001600136245004300152260004500195270005200240300002000292942002000312952011700332952011600449 c137343d13734320230523174553.0 aENG-117217 ENG-137018 a9789380887128c995.00 aEN-100749 aEN-120550 bDBAD/PUB aN aSumer Chand aBharat that is India /bby Sumer Chand aNew DelhibJuggernaut Publicationsc2015 aF-3/16,Ansari Road,DaryaganjbNew Delhie110002 a238p.c23cm(Hb) 2ddccENhNmSUM 001040708FICaBL4bBL4d2017-02-01eDBAD/PUBg795.00l0oN SUMpEN-100749r2017-02-01 00:00:00t1v795.00yEN 001040708NFICaAVbAVd2023-05-23eDBAD/PUBg995.00l0oN SUMpEN-120550r2023-05-23 00:00:00t1v995.00yEN